Stations in Northumberland - MAP Quiz Stats

Quiz not verified by Sporcle

Challenge
Share
Tweet
Score 0/17 Timer 05:00
0 Plays Today
% Correct
Berwick-upon-Tweed
92.8%
Morpeth
89.1%
Hexham
87%
Alnmouth
83.3%
Cramlington
72.5%
Haltwhistle
70.3%
Corbridge
60.9%
Chathill
59.4%
Prudhoe
59.4%
% Correct
Acklington
51.4%
Wylam
50%
Haydon Bridge
49.3%
Pegswood
49.3%
Widdrington
48.6%
Bardon Mill
47.8%
Riding Mill
47.8%
Stocksfield
47.1%

You're not logged in!

Compare scores with friends on all Sporcle quizzes.
Join for Free
OR
Log In

You Might Also Like...

Show Comments

Extras

Top Quizzes Today


Score Distribution

Your Account Isn't Verified!

In order to create a playlist on Sporcle, you need to verify the email address you used during registration. Go to your Sporcle Settings to finish the process.

Report this User

Report this user for behavior that violates our Community Guidelines.

Details: